000
00304nam a2200109Ia 4500
008
171211s9999 xx 000 0 und d
245
_a
Learning PHP, MySQL, & JavaScript
245
_c
Robin Nixon
260
_c
2009
650
_x
Web Development
856
_u
http://down.ebook777.com/014/9780596157135.pdf
999
_c
350066
_d
350066